Statistics for Caves and Bosses in Pikmin 2

Click here to take the quiz!

General Stats

  • This quiz has been taken 68 times
  • The average score is 14 of 27

Answer Stats

AreaCave% Correct
Emperor Bulblax
80%
Empress Bulblax
78%
Empress Bulblax
78%
Waterwraith
71%
Man At Legs
67%
Perplexing PoolShower Room
64%
Titan Dweevil
64%
Beady Long Legs
62%
Raging Long Legs
62%
Perplexing PoolSubmerged Castle
60%
Burrowing Snagret
56%
Awakening WoodSnagret Hole
56%
Valley of ReposeEmergence Cave
53%
Wistful WildHole of Heroes
53%
Pileated Snagret
51%
Awakening WoodBulblax Kingdom
49%
Wistful WildDream Den
49%
Giant Breadbug
47%
Awakening WoodHole of Beasts
47%
Perplexing PoolGlutton's Kitchen
44%
Ranging Bloyster
40%
Awakening WoodWhite Flower Garden
40%
Perplexing PoolCitadel of Spiders
38%
Segmented Crawbster
38%
Valley of ReposeSubterranean Complex
36%
Valley of ReposeFrontier Cavern
29%
Wistful WildChaos Cavern
27%

Score Distribution

Percentile by Number Answered

Percent of People with Each Score

Your Score History

You have not taken this quiz